<?xml version='1.0' encoding='UTF-8'?>
  <record xmlns="http://www.loc.gov/MARC21/slim">
    <leader>00000cam a22000007i 4500</leader>
    <controlfield tag="001">ocm68007790</controlfield>
    <controlfield tag="003">OCoLC</controlfield>
    <controlfield tag="005">20251112084523.5</controlfield>
    <controlfield tag="008">980615s1568    gw a          000 0 ger d</controlfield>
    <datafield tag="040" ind1=" " ind2=" ">
      <subfield code="a">NLGGC</subfield>
      <subfield code="b">eng</subfield>
      <subfield code="e">rda</subfield>
      <subfield code="e">dcrmr</subfield>
      <subfield code="c">NLGGC</subfield>
      <subfield code="d">QGJ</subfield>
      <subfield code="d">OCLCA</subfield>
      <subfield code="d">OCLCQ</subfield>
      <subfield code="d">OCLCO</subfield>
      <subfield code="d">OCLCL</subfield>
      <subfield code="d">QGJ</subfield>
    </datafield>
    <datafield tag="029" ind1="0" ind2=" ">
      <subfield code="a">NLGGC</subfield>
      <subfield code="b">170371395</subfield>
    </datafield>
    <datafield tag="035" ind1=" " ind2=" ">
      <subfield code="a">(OCoLC)68007790</subfield>
    </datafield>
    <datafield tag="100" ind1="1" ind2=" ">
      <subfield code="a">Caesar, Philipp,</subfield>
      <subfield code="d">1535-1585,</subfield>
      <subfield code="e">author.</subfield>
      <subfield code="4">aut</subfield>
      <subfield code="1">https://id.oclc.org/worldcat/entity/E39PBJjCKp6M9DddhG84bRCbBP</subfield>
    </datafield>
    <datafield tag="245" ind1="1" ind2="0">
      <subfield code="a">Einfeltiger vnd gründlicher Bericht, wie der Hausstand vnd Weltliche regierung seliglich mögen administrit, vnd verwaltet werden, aus dem 127. Psalmen Dauids, Sehr nützlich allen Hausuetern vnd Regenten zu lesen, vnd zubetrachten. /</subfield>
      <subfield code="c">Gepredigt vnd gestelt, durch Magistrum Philippum Keysern, Pfarherrn vnd Superintendenten zu Göttingen in Sachssen.</subfield>
    </datafield>
    <datafield tag="246" ind1="3" ind2=" ">
      <subfield code="a">Einfeltiger und gründlicher Bericht, wie der Hausstand und Weltliche regierung seliglich mögen administrit, und verwaltet werden, aus dem 127. Psalmen Davids</subfield>
    </datafield>
    <datafield tag="246" ind1="3" ind2="7">
      <subfield code="a">Auslegung des 127. Psalmen</subfield>
    </datafield>
    <datafield tag="264" ind1=" " ind2="1">
      <subfield code="a">Gedruckt zu Vrsel, :</subfield>
      <subfield code="b">Durch Nicolaum Henricum.,</subfield>
      <subfield code="c">Anno M.D.LXVIII. [1568]</subfield>
    </datafield>
    <datafield tag="300" ind1=" " ind2=" ">
      <subfield code="a">83 unnumbered pages :</subfield>
      <subfield code="b">illustrations ;</subfield>
      <subfield code="c">15 cm (8vo)</subfield>
    </datafield>
    <datafield tag="336" ind1=" " ind2=" ">
      <subfield code="a">text</subfield>
      <subfield code="b">txt</subfield>
      <subfield code="2">rdacontent</subfield>
    </datafield>
    <datafield tag="337" ind1=" " ind2=" ">
      <subfield code="a">unmediated</subfield>
      <subfield code="b">n</subfield>
      <subfield code="2">rdamedia</subfield>
    </datafield>
    <datafield tag="338" ind1=" " ind2=" ">
      <subfield code="a">volume</subfield>
      <subfield code="b">nc</subfield>
      <subfield code="2">rdacarrier</subfield>
    </datafield>
    <datafield tag="340" ind1=" " ind2=" ">
      <subfield code="m">8vo</subfield>
      <subfield code="2">rdabf</subfield>
    </datafield>
    <datafield tag="500" ind1=" " ind2=" ">
      <subfield code="a">Printer's device depicting Saint Ursula on last page.</subfield>
    </datafield>
    <datafield tag="500" ind1=" " ind2=" ">
      <subfield code="a">Title page in red and black.</subfield>
    </datafield>
    <datafield tag="500" ind1=" " ind2=" ">
      <subfield code="a">Colophon: Gedruckt zu Ursel, durch Nicolaum Henricum, Als man zalt nach der Geburt vnsers lieben Herrn vnd Heilands Jesu Christi. 1565.</subfield>
    </datafield>
    <datafield tag="500" ind1=" " ind2=" ">
      <subfield code="a">Signatures: A-K⁸, L⁴ (F2 missigned E2, K7 missigned K5; L4 is blank).</subfield>
    </datafield>
    <datafield tag="500" ind1=" " ind2=" ">
      <subfield code="a">With woodcut initials and printed marginalia.</subfield>
    </datafield>
    <datafield tag="510" ind1="4" ind2=" ">
      <subfield code="a">Verzeichnis der im deutschen Sprachbereich erschienenen Drucke des 16. Jahrhunderts (VD 16),</subfield>
      <subfield code="c">ZV 25242</subfield>
      <subfield code="u">https://gateway-bayern.de/VD16+ZV+25242</subfield>
    </datafield>
    <datafield tag="630" ind1="0" ind2="0">
      <subfield code="a">Bible.</subfield>
      <subfield code="p">Psalms, CXXVII.</subfield>
    </datafield>
    <datafield tag="700" ind1="1" ind2=" ">
      <subfield code="a">Henricus, Nicolaus,</subfield>
      <subfield code="d">active 1557-1597,</subfield>
      <subfield code="e">printer.</subfield>
      <subfield code="4">prt</subfield>
      <subfield code="1">https://id.oclc.org/worldcat/entity/E39PCjGHMmtXQwMvMb79wGBKFq</subfield>
    </datafield>
    <datafield tag="700" ind1="0" ind2=" ">
      <subfield code="a">Julius,</subfield>
      <subfield code="c">Duke of Braunschweig-Lüneburg,</subfield>
      <subfield code="d">1528-1589,</subfield>
      <subfield code="e">dedicatee.</subfield>
      <subfield code="4">dte</subfield>
      <subfield code="1">https://id.oclc.org/worldcat/entity/E39PBJmtwxT79jqBvbxXT6WYyd</subfield>
    </datafield>
    <datafield tag="752" ind1=" " ind2=" ">
      <subfield code="a">Germany</subfield>
      <subfield code="d">Oberursel,</subfield>
      <subfield code="e">publication place.</subfield>
      <subfield code="4">pup</subfield>
    </datafield>
    <datafield tag="758" ind1=" " ind2=" ">
      <subfield code="i">has work:</subfield>
      <subfield code="a">Einfeltiger und gründlicher Bericht, wie der Hausstand und Weltliche regierung seliglich mögen administrirt, und verwaltet werden, aus dem 127. Psalmen Davids, Sehr nützlich allen Hausvetern und Regenten zu lesen, und zubetrachten (Text)</subfield>
      <subfield code="1">https://id.oclc.org/worldcat/entity/E39PCFHvwbHJMWGbWtWv7CGdkP</subfield>
      <subfield code="4">https://id.oclc.org/worldcat/ontology/hasWork</subfield>
    </datafield>
  </record>